000
00324cam a2200121 4500
001
L132417
008
060206n2006 000 0 eng u
020
_a
1841407550
035
_a
(Sirsi) u132417
245
_a
Reporting statement: Operating and financial review
260
_a
Accounting standards board
_c
2006
942
_n
0
999
_c
105132
_d
105132